Regional survey: Wales supplement (Record no. 118258)
[ view plain ]
| 000 -LEADER | |
|---|---|
| fixed length control field | 01954cam a2200337 4500 |
| 001 - CONTROL NUMBER | |
| control field | ABS68315 |
| 008 - FIXED-LENGTH DATA ELEMENTS--GENERAL INFORMATION | |
| fixed length control field | 041029n2004 000 0 eng u |
| 035 ## - SYSTEM CONTROL NUMBER | |
| System control number | (Sirsi) u127880 |
| 100 ## - MAIN ENTRY--PERSONAL NAME | |
| Personal name | Eade, C. |
| 245 ## - TITLE STATEMENT | |
| Title | Regional survey: Wales supplement |
| 260 ## - PUBLICATION, DISTRIBUTION, ETC. | |
| Date of publication, distribution, etc. | 2004 |
| 490 ## - SERIES STATEMENT | |
| Series statement | Property Week |
| Volume/sequential designation | October 2004 (34) (LOAN) |
| 520 ## - SUMMARY, ETC. | |
| Summary, etc. | "The new face of development" reports on the implications of the latest changes to the Welsh Development Agency, which has now been taken over by the National Assembly for Wales. "Out for discussion" argues that while the town centre has won the retail battle in England, in Wales it is not so clear cut that out-of-town centres are bad for city centres. "Saturation point" reports how Cardiff has been so successful in attracting business that it is running low on office space and there are few speculative schemes in the pipeline. "Master of science" reports that after a decade of declining manufacturing, Wales is hoping to remarket itself as a centre of excellence in the high-tech world of research and development. "Clouded horizon" discusses how Mostyn Estates has preserved Llandudno's historic reputation for years but where it no longer controls the freeholds, the future is uncertain. "Cashing in down in the south" reports how surveyors have benefited from the growth of practices in and around Cardiff. |
| 590 ## - LOCAL NOTE (RLIN) | |
| Local note | ABS |
| 590 ## - LOCAL NOTE (RLIN) | |
| Local note | ABS |
| 650 ## - SUBJECT ADDED ENTRY--TOPICAL TERM | |
| Topical term or geographic name entry element | WALES |
| 650 ## - SUBJECT ADDED ENTRY--TOPICAL TERM | |
| Topical term or geographic name entry element | CARDIFF |
| 650 ## - SUBJECT ADDED ENTRY--TOPICAL TERM | |
| Topical term or geographic name entry element | LLANDUDNO |
| 650 ## - SUBJECT ADDED ENTRY--TOPICAL TERM | |
| Topical term or geographic name entry element | EMPLOYMENT |
| 650 ## - SUBJECT ADDED ENTRY--TOPICAL TERM | |
| Topical term or geographic name entry element | INDUSTRIAL MARKET |
| 650 ## - SUBJECT ADDED ENTRY--TOPICAL TERM | |
| Topical term or geographic name entry element | PROPERTY-COMMERCIAL PROPERTY-OFFICE PROPERTY-OFFICE PROPERTY MARKET |
| 650 ## - SUBJECT ADDED ENTRY--TOPICAL TERM | |
| Topical term or geographic name entry element | PROPERTY-COMMERCIAL PROPERTY-RETAIL PROPERTY-RETAIL PROPERTY MARKET |
| 650 ## - SUBJECT ADDED ENTRY--TOPICAL TERM | |
| Topical term or geographic name entry element | OUT OF TOWN RETAIL |
| 650 ## - SUBJECT ADDED ENTRY--TOPICAL TERM | |
| Topical term or geographic name entry element | REGENERATION |
| 650 ## - SUBJECT ADDED ENTRY--TOPICAL TERM | |
| Topical term or geographic name entry element | WELSH DEVELOPMENT AGENCY |
| 650 ## - SUBJECT ADDED ENTRY--TOPICAL TERM | |
| Topical term or geographic name entry element | NATIONAL ASSEMBLY FOR WALES |
| 690 ## - LOCAL SUBJECT ADDED ENTRY--TOPICAL TERM (OCLC, RLIN) | |
| Topical term or geographic name as entry element | COMMERCIAL PROPERTY-MARKET |
| 700 ## - ADDED ENTRY--PERSONAL NAME | |
| Personal name | Watts, T. |
| 700 ## - ADDED ENTRY--PERSONAL NAME | |
| Personal name | Martin, Y. |
| 942 ## - ADDED ENTRY ELEMENTS (KOHA) | |
| Suppress in OPAC | 0 |
| Withdrawn status | Lost status | Source of classification or shelving scheme | Damaged status | Not for loan | Home library | Current library | Shelving location | Date acquired | Total Checkouts | Full call number | Barcode | Date last seen | Copy number | Price effective from | Koha item type |
|---|---|---|---|---|---|---|---|---|---|---|---|---|---|---|---|
| Dewey Decimal Classification | London | London | Journal article | 29/10/2004 | ABS68315 | 127880-1001 | 06/08/2019 | 1 | 06/08/2019 | Journal article |